| 000 -CABECERA |
| fixed length control field |
02754nam a22003977a 4500 |
| 003 - IDENTIFICADOR DEL NÚMERO DE CONTROL |
| control field |
AR-CdUCM |
| 008 - DATOS DE LONGITUD FIJA--INFORMACIÓN GENERAL |
| fixed length control field |
190425b ||||| |||| 00| 0 spa d |
| 040 ## - FUENTE DE LA CATALOGACIÓN |
| Agencia/entidad que catalogó originalmente la obra |
MUNICIPALIDAD PROVINCIAL DEL CUSCO |
| Entidad que transcribió la catalogación |
BIBLIOTECA MUNICIPAL DEL CUSCO |
| 082 ## - NÚMERO DE LA CLASIFICACIÓN DECIMAL DEWEY |
| No. de Clasificación |
Rev.Allp/N°3/1971 |
| 110 ## - ENTRADA PRINCIPAL--NOMBRE DE ENTIDAD CORPORATIVA |
| Nombre de la institución, jurisdicción como entrada principal |
Instituto de Pastoral Andina |
| 9 (RLIN) |
12766 |
| 245 ## - MENCIÓN DE TÍTULO |
| Título |
Allpanchis Phuturinqa : |
| Resto del título |
Revista Anual / |
| 260 ## - PUBLICACIÓN, DISTRIBUCIÓN, ETC. |
| Lugar de publicación, distribución, etc. |
Cusco : |
| Nombre de la editorial, distribuidor, etc. |
[Garcilaso], |
| Fecha de publicación, distribución, etc. |
1971. |
| 300 ## - DESCRIPCIÓN FÍSICA |
| Nº de Páginas Extensión |
212 páginas. : |
| Dimensiones |
20 cm. |
| 440 ## - MENCIÓN DE SERIE/PUNTO DE ACCESO ADICIONAL--TÍTULO |
| Título |
Revista del Instituto de Pastoral Andina Cusco |
| Número de la parte/sección de una obra |
Año [ ], [ ] semestre de 1971, N°3. Vol. III |
| 9 (RLIN) |
46168 |
| 505 ## - NOTA DE CONTENIDO CON FORMATO |
| Nota de contenido formateada |
Contenido: Apuntes sobre la cosmovisión andina. -- Celebración y rito. -- La Pachamama. -- Suyunakuy. Carlos Vivanco Flores. -- Mosoq wata. Luis Dalle. -- Las Cabañuelas. Carmela Cuba de Nordt. -- Sara Tarpuy. Juan Antonio Manya. -- Papa pajchay. Carlos Vivanco Flores. -- Kutipay. Luis Dalle. -- Ritos de lluvia. Carmela Cuba. -- La wak´a awicha Anselma. Jorge Flores Ochoa. -- Chiaraje. Alfonsina Barrionuevo. -- Jatakatu. Jorge Choqueccahua. -- Fiesta de San Isidro patron de los agricultores. Mery Alinda Sánchez Gamarra. -- Escarbe de papas. Jorge Choquehuanca. -- La cosecha del maíz en Yucay. Justino Mayta Medina. -- El entroje. -- ¿Puede un campesino cristiano ofrecer un pago a la tierra?. Manuel Marzal. -- Culto a los animales. -- El hombre y los animales en la cultura quechua. Edgardo Cayon Armelia. -- Fiesta del ganado. Ginette Merelle Lucette Roy. -- Fiesta del ganado vacuno. Paulino Delgado Urquizo. -- La noche de San Juan en la versión Chanca. Carlos Vivanco Flores. -- La velada del ganado en la noche de San Juan. Carmela Cuba de Nordt. -- Fiesta del cordero. Luis Alberto Paz Villaroel. -- El señalasqa en el mundo Aymara. Jorge Choqueccahua. -- El señalakuy. Julio Delgado Aragón. -- Ritual para el degüello de un toro. -- Reflexión pastoral sobre los ritos indígenas. Jaime Regan. |
| 650 ## - PUNTO DE ACCESO ADICIONAL DE MATERIA--TÉRMINO DE MATERIA |
| Descriptor |
Cultura andina |
| 9 (RLIN) |
46160 |
| 650 ## - PUNTO DE ACCESO ADICIONAL DE MATERIA--TÉRMINO DE MATERIA |
| Descriptor |
Antropología cusqueña |
| 9 (RLIN) |
45862 |
| 650 ## - PUNTO DE ACCESO ADICIONAL DE MATERIA--TÉRMINO DE MATERIA |
| Descriptor |
Religiosidad andina |
| 9 (RLIN) |
44127 |
| 650 ## - PUNTO DE ACCESO ADICIONAL DE MATERIA--TÉRMINO DE MATERIA |
| Descriptor |
Constumbres y tradiciones |
| 9 (RLIN) |
46161 |
| 650 ## - PUNTO DE ACCESO ADICIONAL DE MATERIA--TÉRMINO DE MATERIA |
| Descriptor |
Ritos andinos |
| 9 (RLIN) |
6634 |
| 650 ## - PUNTO DE ACCESO ADICIONAL DE MATERIA--TÉRMINO DE MATERIA |
| Descriptor |
Ritos agrícolas |
| 9 (RLIN) |
46169 |
| 650 ## - PUNTO DE ACCESO ADICIONAL DE MATERIA--TÉRMINO DE MATERIA |
| Descriptor |
Ritos ganaderos |
| 9 (RLIN) |
46170 |
| 700 ## - PUNTO DE ACCESO ADICIONAL--NOMBRE DE PERSONA |
| Nombre Personal |
Marzal, Manuel |
| 9 (RLIN) |
46162 |
| 700 ## - PUNTO DE ACCESO ADICIONAL--NOMBRE DE PERSONA |
| Nombre Personal |
Vivanco Flores, Carlos |
| 9 (RLIN) |
46171 |
| 700 ## - PUNTO DE ACCESO ADICIONAL--NOMBRE DE PERSONA |
| Nombre Personal |
Cuba de Nordt, Carmela |
| 9 (RLIN) |
46172 |
| 700 ## - PUNTO DE ACCESO ADICIONAL--NOMBRE DE PERSONA |
| Nombre Personal |
Flores Ochoa, Jorge |
| 9 (RLIN) |
2915 |
| 700 ## - PUNTO DE ACCESO ADICIONAL--NOMBRE DE PERSONA |
| Nombre Personal |
Sánchez Gamarra, Mery Alinda |
| 9 (RLIN) |
46173 |
| 700 ## - PUNTO DE ACCESO ADICIONAL--NOMBRE DE PERSONA |
| Nombre Personal |
Mayta Medina, Justino |
| 9 (RLIN) |
46174 |
| 700 ## - PUNTO DE ACCESO ADICIONAL--NOMBRE DE PERSONA |
| Nombre Personal |
Cayon Armelia, Edgardo |
| 9 (RLIN) |
46175 |
| 700 ## - PUNTO DE ACCESO ADICIONAL--NOMBRE DE PERSONA |
| Nombre Personal |
Delgado Urquizo, Paulino |
| 9 (RLIN) |
46176 |
| 700 ## - PUNTO DE ACCESO ADICIONAL--NOMBRE DE PERSONA |
| Nombre Personal |
Paz Villaroel, Luis Alberto |
| 9 (RLIN) |
46177 |
| 700 ## - PUNTO DE ACCESO ADICIONAL--NOMBRE DE PERSONA |
| Nombre Personal |
Delgado Aragón, Julio |
| 9 (RLIN) |
46178 |
| 942 ## - ELEMENTOS DE PUNTO DE ACCESO ADICIONAL (KOHA) |
| Fuente de clasificación |
|
| Tipo de item |
Revistas cusqueñas |
| 945 ## - PROCESAMIENTO DE INFORMACIÓN LOCAL (OCLC) |
| Catalogador |
rac |